First Words of Eurovision 2022 Songs Quiz - Statistics

General Stats
  • This quiz has been taken 256 times
    226 since last reset
  • The average score is 11 of 40
Answer Stats
Song Language Answer % Correct
Austria - "Halo" - LUM!X ft. Pia Maria English Let
67%
Ukraine - "Stefania" - Kalush Orchestra Ukrainian Стефанія (Stefania)
64%
Latvia - "Eat Your Salad" - Citi Zēni English Instead
58%
Australia - "Not the Same" - Sheldon Riley English I
50%
United Kingdom - "SPACE MAN" - Sam Ryder English If
49%
Czech Republic - "Lights Off" - We Are Domi English I
45%
Armenia - "Snap" - Rosa Linn English It's
42%
Greece - "Die Together" - Amanda Tenfjord English I'm
40%
Belgium - "Miss You" - Jérémie Makiese English Sometimes
40%
Spain - "SloMo" - Chanel Spanish, English Let's
39%
Norway - "Give That Wolf a Banana" - Subwoolfer English Not
37%
Sweden - "Hold Me Closer" - Cornelia Jakobs English No
35%
Poland - "River" - Ochman English Gonna
33%
Lithuania - "Sentimentai" - Monika Liu Lithuanian Tuk
29%
Israel - "I.M" - Michael Ben David English Baby
28%
Cyprus - "Ela" - Andromache English, Greek Melodies
27%
Azerbaijan - "Fade to Black" - Nadir Rustamli English Stay
26%
Ireland - "That's Rich" - Brooke English Take
26%
North Macedonia - "Circles" - Andrea English I
24%
Albania - "Sekret" - Ronela Hajati Albanian, English Hej
23%
Portugal - "saudade, saudade" - MARO English, Portuguese I've
23%
Finland - "Jezebel" - The Rasmus English Midnight
23%
Montenegro - "Breathe" - Vladana English Breathe
19%
Croatia - "Guilty Pleasure" - Mia Dimšić English Dreamt
18%
Netherlands - "De Diepte" - S10 Dutch Ken
18%
Germany - "Rockstars" - Malik Harris English Look
18%
Switzerland - "Boys Do Cry" - Marius Bear English In
17%
Romania - "Llámame" - WRS English Knew
17%
Georgia - "Lock Me In" - Circus Mircus English Show
17%
Italy - "Brividi" - Mahmood and Blanco Italian Ho
15%
Estonia - "Hope" - Stefan English We
15%
Denmark - "The Show" - Reddi English All
14%
San Marino - "Stripper" - Achille Lauro Italian, English È
14%
Malta - "I Am What I Am" - Emma Muscat English Every
14%
Serbia - "In Corpore Sano" - Konstrakta Serbian, Latin Koja
14%
France - "Fulenn" - Alvan and Ahez Breton E
13%
Slovenia - "Disko" - LPS Slovene Bila
12%
Bulgaria - "Intention" - Intelligent Music Project English And
8%
Moldova - "Trenulețul" - Zdob și Zdub & Frații Advahov Romanian Merge
7%
Iceland - "Með hækkandi sól" - Systur Icelandic Öldurót
3%
No matching quizzes found
Score Distribution
Percent of People with Each Score
Percentile by Number Answered
Your Score History
You have not taken this quiz since the last reset